000 01548nam a22002177a 4500
003 OSt
005 20260617103151.0
008 260617b |||||||| |||| 00| 0 spa d
020 _a978-9945-513-28-8
040 _aIDEICE
_bspa
_cIDEICE
_eRDA
082 _aIdeice 352.34 7293 R426p
110 _aInstituto Dominicano de Evaluación e Investigación de la Calidad Educativa , IDEICE
245 _aPlan Estratégico Institucional (PEI) 2025-2028
_cIDEICE
260 _aSanto Domingo, República Dominicana
_bIDEICE
_c2026
300 _c78p.
505 _aEl Plan Estratégico Institucional 2025–2028 del Instituto Dominicano de Evaluación e Investigación de la Calidad Educativa (Ideice) define la hoja de ruta que orienta su gestión para el fortalecimiento del sistema educativo preuniversitario dominicano. El documento establece las prioridades estratégicas del Instituto, alineadas con el Plan Horizonte de Educación 2034, las Metas de Gobierno 2024–2028 y los lineamientos nacionales de planificación, con el propósito de fortalecer la toma de decisiones educativas basada en evidencia.
650 _aEducación -- República Dominicana, Evaluación educativa -- República Dominicana, Indicadores Educativos, Investigación Educativa -- República Dominicana, Organización y gestión, Planificación Estratégica, Política Educativa -- República Dominicana.
710 _aIDEICE
856 _uhttps://ideice.gob.do/documentacion/publicaciones-id-229-plan-estrat-eacute-gico-institucional-pei-2025-2028
942 _2ddc
_cLIB
_n0
999 _c14660
_d14660